Cuatro palabras sobre un folleto escrito por el maestro compositor Sr. D. Francisco Asenjo Barbier / (Record no. 164429)

MARC details
000 -LEADER
campo de control de longitud fija 01175nam a2200241 i 4500
001 - NÚMERO DE CONTROL
campo de control 164429
003 - IDENTIFICADOR DE NÚMERO DE CONTROL
campo de control ES-MaACL
005 - FECHA Y HORA DE LA ÚLTIMA TRANSACCIÓN
campo de control 20250827063228.0
008 - DATOS DE LONGITUD FIJA--INFORMACIÓN GENERAL
campo de control de longitud fija 000317s1864 sp |||| | spa d
080 ## - NÚMERO DE LA CLASIFICACIÓN DECIMAL UNIVERSAL
Número de la Clasificación Decimal Universal 78
100 1# - ENTRADA PRINCIPAL--NOMBRE DE PERSONA
Nombre de persona Saldoni, Baltasar,
Fechas asociadas al nombre 1807-1889
9 (RLIN) 132330
245 10 - MENCIÓN DEL TÍTULO
Título Cuatro palabras sobre un folleto escrito por el maestro compositor Sr. D. Francisco Asenjo Barbier /
Mención de responsabilidad, etc. por Baltasar Saldoni.
260 ## - PUBLICACIÓN, DISTRIBUCIÓN, ETC.
Lugar de publicación, distribución, etc. Madrid :
Nombre del editor, distribuidor, etc. [s.n.],
Fecha de publicación, distribución, etc. 1864 (
Fabricante Imp. a cargo de Antonio Pérez Dubrull)
300 ## - DESCRIPCIÓN FÍSICA
Extensión 32 p. ;
Dimensiones 22 cm.
530 ## - NOTA DISPONIBLE DE FORMULARIO FÍSICO ADICIONAL
Nota de formato físico adicional disponible Disponible en formato digital.
594 ## - Nota al título y mención de responsabilidad
Nota al título y mención de responsabilidad Réplica a Francisco Asenjo Barbieri sobre su contestación al "Proyecto-memoria... para la creación de una academia de música" de Rafael Hernando.
650 #7 - PUNTO DE ACCESO ADICIONAL DE MATERIA--TÉRMINO DE MATERIA
Término de materia o nombre geográfico como elemento de entrada Conservatorios de música-
Subdivisión geográfica España-
-- S.XIX
Fuente del encabezamiento o término
9 (RLIN) 176151
650 #4 - PUNTO DE ACCESO ADICIONAL DE MATERIA--TÉRMINO DE MATERIA
Término de materia o nombre geográfico como elemento de entrada Música-
Subdivisión general Estudio y enseñanza-
Subdivisión geográfica España-
Subdivisión cronológica S.XIX.
9 (RLIN) 176152
700 1# - ENTRADA AGREGADA--NOMBRE PERSONAL
Nombre de persona Barbieri, Francisco A.,
Fechas asociadas al nombre 1823-1894
9 (RLIN) 25463
852 4# - LOCALIZACIÓN
Ubicación ES-MaACL
Número de control de estantería T-73-F-4
Nota libre - Enc. hol., falto de la enc. original
-- - Enc. en un vol. facticio
856 4# - LOCALIZACIÓN Y ACCESO ELECTRÓNICOS
Identificador Uniforme de Recursos <a href="http://bdh-rd.bne.es/viewer.vm?id=0000077848&page=1 ">http://bdh-rd.bne.es/viewer.vm?id=0000077848&page=1 </a>
Nota pública Biblioteca Digital Hispánica
Holdings
Estatus retirado Estado de pérdida Estado de daño No para préstamo Colección Biblioteca de origen Biblioteca actual Ubicación en estantería Fecha de adquisición Total de préstamos Signatura topográfica completa Código de barras Visto por última vez Precio de reemplazo Tipo de ítem Koha
        Colección de folletos Biblioteca del Ateneo de Madrid Biblioteca del Ateneo de Madrid Depósito folletos 17/01/2008   T-73-F-4 1172351 23/02/2023 23/02/2023 Folleto